Deutsch im Zeichen der US-amerikanischen Exoglossie

Бібліографічні деталі
Автор: Kobenko Ju. W. Juri Wiktorowitsch
Резюме:Настоящая монография представляет собой попытку системного описания яв­ления экзоглоссии в призме новейших тенденций в истории развития немецкого язы­ка. В центре внимания находится концепция языковой политики, фиксирующей его эволюционный курс. Лингвополитический полицентризм и демократизация языковых норм обосновываются как наиболее веские предпосылки американизации немецкого языка и культуры. Монография адресована специалистам в области германистики, теоретического языкознания, лексикографии, социолингвистики; преподаватетям немецкого языка, аспирантам, студентам факультетов иностранного языка и переводчикам.
Мова:Німецька
Російська
Опубліковано: Tomsk, Verlag der Polytechnischen Universitat, 2008
Предмети:
Формат: MixedMaterials Книга
KOHA link:https://koha.lib.tpu.ru/cgi-bin/koha/opac-detail.pl?biblionumber=334631

MARC

LEADER 00000nam0a2200000 4500
001 334631
005 20231102004656.0
010 |a 5982982199 
035 |a (RuTPU)RU\TPU\book\360898 
090 |a 334631 
100 |a 20170901d2008 k y0gery50 ba 
101 0 |a ger  |a rus 
102 |a RU 
105 |a y z 001zy 
200 1 |a Deutsch im Zeichen der US-amerikanischen Exoglossie  |f J. Kobenko 
210 |a Tomsk  |c Verlag der Polytechnischen Universitat  |d 2008 
215 |a 176 s. 
320 |a Literatur: s. 156-172 
320 |a Sachregister: s. 173-176 
330 |a Настоящая монография представляет собой попытку системного описания яв­ления экзоглоссии в призме новейших тенденций в истории развития немецкого язы­ка. В центре внимания находится концепция языковой политики, фиксирующей его эволюционный курс. Лингвополитический полицентризм и демократизация языковых норм обосновываются как наиболее веские предпосылки американизации немецкого языка и культуры. Монография адресована специалистам в области германистики, теоретического языкознания, лексикографии, социолингвистики; преподаватетям немецкого языка, аспирантам, студентам факультетов иностранного языка и переводчикам. 
606 1 |a Немецкий язык  |x Лексикология  |2 stltpush  |3 (RuTPU)RU\TPU\subj\45378  |9 64621 
610 1 |a лингвистика 
610 1 |a языковая политика 
610 1 |a история 
610 1 |a экзоглоссия 
610 1 |a экзоглоссные языковые ситуации 
610 1 |a языковые нормы 
610 1 |a американизмы 
610 1 |a американизация 
610 1 |a монографии 
610 1 |a труды учёных ТПУ 
686 |a Ш143.24-3  |v LBC/SL-A  |2 rubbk 
700 1 |a Kobenko  |b Ju. W.  |c Linguist  |c Professor der Polytechnischen Universität Tomsk, Doktor der philologischen Wissenschaften  |f 1977-  |g Juri Wiktorowitsch  |2 stltpush  |3 (RuTPU)RU\TPU\pers\32905 
801 1 |a RU  |b 63413507  |c 20170901 
801 2 |a RU  |b 63413507  |c 20170912  |g RCR 
942 |c BK